<?xml version="1.0" encoding="UTF-8"?>
<collection xmlns="http://www.loc.gov/MARC21/slim">
 <record>
  <leader>02492nam a2200385 a 4500</leader>
  <controlfield tag="001">1/45238</controlfield>
  <controlfield tag="008">140820s1996   uus            001 0 eng  </controlfield>
  <datafield tag="020" ind1=" " ind2=" ">
   <subfield code="a">9780884155256</subfield>
  </datafield>
  <datafield tag="020" ind1=" " ind2=" ">
   <subfield code="a">0884155250</subfield>
  </datafield>
  <datafield tag="020" ind1=" " ind2=" ">
   <subfield code="a">9780585470801 (electronic bk.)</subfield>
  </datafield>
  <datafield tag="020" ind1=" " ind2=" ">
   <subfield code="a">0585470804 (electronic bk.)</subfield>
  </datafield>
  <datafield tag="020" ind1=" " ind2=" ">
   <subfield code="a">9780080515946 (electronic bk.)</subfield>
  </datafield>
  <datafield tag="020" ind1=" " ind2=" ">
   <subfield code="a">0080515940 (electronic bk.)</subfield>
  </datafield>
  <datafield tag="020" ind1=" " ind2=" ">
   <subfield code="z">9780884155256</subfield>
  </datafield>
  <datafield tag="035" ind1=" " ind2=" ">
   <subfield code="l">48197</subfield>
  </datafield>
  <datafield tag="040" ind1=" " ind2=" ">
   <subfield code="a">OPELS</subfield>
   <subfield code="b">eng</subfield>
   <subfield code="e">pn</subfield>
   <subfield code="c">OPELS</subfield>
   <subfield code="d">OCLCG</subfield>
   <subfield code="d">OCLCQ</subfield>
   <subfield code="d">N$T</subfield>
   <subfield code="d">YDXCP</subfield>
   <subfield code="d">IDEBK</subfield>
   <subfield code="d">ZCU</subfield>
   <subfield code="d">E7B</subfield>
   <subfield code="d">NRU</subfield>
   <subfield code="d">DEBBG</subfield>
   <subfield code="d">KNOVL</subfield>
   <subfield code="d">OCLCQ</subfield>
   <subfield code="d">OCLCF</subfield>
   <subfield code="d">GR-PeUP</subfield>
  </datafield>
  <datafield tag="100" ind1="1" ind2=" ">
   <subfield code="a">Bloch, Heinz P.,</subfield>
   <subfield code="d">1933-</subfield>
  </datafield>
  <datafield tag="245" ind1="1" ind2="0">
   <subfield code="a">Reciprocating compressors</subfield>
   <subfield code="h">[electronic resource] :</subfield>
   <subfield code="b">operation &amp; maintenance /</subfield>
   <subfield code="c">Heinz P. Bloch and John J. Hoefner.</subfield>
  </datafield>
  <datafield tag="260" ind1=" " ind2=" ">
   <subfield code="a">Houston, Tex. :</subfield>
   <subfield code="b">Gulf Pub. Co.,</subfield>
   <subfield code="c">c1996.</subfield>
  </datafield>
  <datafield tag="300" ind1=" " ind2=" ">
   <subfield code="a">1 online resource (xii, 419 pages) :</subfield>
   <subfield code="b">illustrations</subfield>
  </datafield>
  <datafield tag="520" ind1=" " ind2=" ">
   <subfield code="a">For anyone responsible for purchasing, servicing, or operating reciprocating compressors, this book discusses the theory of operation and explains how to install, troubleshoot, overhaul, and repair all types of compressors. This broad comprehensive text offers practical details on how to purchase, service, operate, and maintain compressors used in any of the process industries such as pulp and paper, mining, food processing, pharmaceuticals.</subfield>
  </datafield>
  <datafield tag="505" ind1="0" ind2=" ">
   <subfield code="a">Reciprocating compressors and their applications. Design and materials of reciprocating compressor components. Operation and maintenance of reciprocating compressors. Overhaul and repair of reciprocating compressors. Troubleshooting compressor problems. Preventive maintenance of reciprocating compressors. Safety in operation and maintenance. Appendix: Reciprocating compressor calculations. Index.</subfield>
  </datafield>
  <datafield tag="504" ind1=" " ind2=" ">
   <subfield code="a">Includes bibliographical references (page 388) and index.</subfield>
  </datafield>
  <datafield tag="650" ind1=" " ind2="4">
   <subfield code="a">Compressors.</subfield>
  </datafield>
  <datafield tag="650" ind1=" " ind2="4">
   <subfield code="a">Compressors</subfield>
   <subfield code="x">Maintenance and repair.</subfield>
  </datafield>
  <datafield tag="655" ind1=" " ind2="4">
   <subfield code="a">Electronic books.</subfield>
  </datafield>
  <datafield tag="700" ind1="1" ind2=" ">
   <subfield code="a">Hoefner, John J.</subfield>
  </datafield>
  <datafield tag="852" ind1=" " ind2=" ">
   <subfield code="a">INST</subfield>
   <subfield code="b">UNIPILB</subfield>
   <subfield code="c">EBOOKS</subfield>
   <subfield code="e">20140820</subfield>
   <subfield code="p">00b48197</subfield>
   <subfield code="q">00b48197</subfield>
   <subfield code="t">ONLINE</subfield>
   <subfield code="y">0</subfield>
  </datafield>
  <datafield tag="856" ind1="4" ind2="0">
   <subfield code="3">ScienceDirect</subfield>
   <subfield code="u">http://www.sciencedirect.com/science/book/9780884155256</subfield>
  </datafield>
  <datafield tag="856" ind1="4" ind2=" ">
   <subfield code="d">/webopac/covers/03/48197_9780884155256.jpg</subfield>
  </datafield>
  <datafield tag="856" ind1="4" ind2=" ">
   <subfield code="d">/webopac/covers/03/48197_0884155250.jpg</subfield>
  </datafield>
  <datafield tag="856" ind1="4" ind2=" ">
   <subfield code="d">/webopac/covers/03/48197_9780585470801.jpg</subfield>
   <subfield code="z">(electronic bk.)</subfield>
  </datafield>
  <datafield tag="856" ind1="4" ind2=" ">
   <subfield code="d">/webopac/covers/03/48197_0585470804.jpg</subfield>
   <subfield code="z">(electronic bk.)</subfield>
  </datafield>
  <datafield tag="856" ind1="4" ind2=" ">
   <subfield code="d">/webopac/covers/03/48197_9780080515946.jpg</subfield>
   <subfield code="z">(electronic bk.)</subfield>
  </datafield>
  <datafield tag="856" ind1="4" ind2=" ">
   <subfield code="d">/webopac/covers/03/48197_0080515940.jpg</subfield>
   <subfield code="z">(electronic bk.)</subfield>
  </datafield>
 </record>
</collection>
